00450 2200193 4500001002100000005001500021008004100036020002200077035001900099041000600118082000800124090001400132100001300146245002500159260002500184300002400209500000600233650001700239INLIS00000000000290420241224112625241224||||||||| | ||| |||| ||  a978-602-7999-69-5 0010-1224002904 a00 a813 a813 MAR i0 aMQ Maria00aImpian Yang Sempurna aJakartabZettuc2013 aiv, 408 hlm.; 19 cm a1 0aKesusastraan